000 00723nam a22002657a 4500
001 BR7500236
003 BR-BrBNA
005 20230928084716.0
007 ta
008 230509b bl.||||| |||| 00| 0 por d
040 _aBR-BrBNA
_bpor
_cBiblioteca Nacional de Agricultura
041 _a(Por)
072 _aQ10; F00
_b/G514
090 _ Q10 BR7500236
110 1 _aCompanhia Brasileira de Armazenamento, Brasilia, DF
_92306
245 1 _aPrograma Nacional de Armazenagem [Brasil]
260 3 _aBrasilia, DF (Brasil):
_c1975.
300 _a6 p.
650 _aARMAZENAMENTO
650 _aARMAZEM
650 _aFINANCIAMENTO
650 _aPROJETO AGRICOLA
909 _a202309
_bLucia
_c55
_dLucia Elande
942 _cBK
999 _c20626
_d20626